Clifford wavelets, singular integrals, and Hardy spaces
Αποθηκεύτηκε σε:
| Κύριος συγγραφέας: | |
|---|---|
| Μορφή: | Βιβλίο |
| Γλώσσα: | English |
| Δημοσίευση: |
Berlin :
Springer-Verlag,
c1994
|
| Σειρά: | Lecture notes in mathematics (Springer-Verlag)
; 1575 |
| Θέματα: | |
| Ετικέτες: |
Προσθήκη ετικέτας
Δεν υπάρχουν, Καταχωρήστε ετικέτα πρώτοι!
|
MARC
| LEADER | 00000cam a2200000 i 4500 | ||
|---|---|---|---|
| 001 | 1/30066 | ||
| 008 | 960703s1994 eng d | ||
| 020 | |a 3-540-57884-6 | ||
| 035 | |a 1995 |l 10038476 | ||
| 040 | |a GR-MY-UA |b gre |e aacr | ||
| 041 | 0 | |a eng | |
| 082 | 0 | |a 515.785 | |
| 100 | 1 | |a Mitrea, Marius. | |
| 245 | 1 | 0 | |a Clifford wavelets, singular integrals, and Hardy spaces / |c Marius Mitrea |
| 260 | |a Berlin : |b Springer-Verlag, |c c1994 | ||
| 300 | |a xi, 116 p.; |c 25 cm. | ||
| 490 | 1 | |a Lecture notes in mathematics (Springer-Verlag) |v ; 1575 | |
| 500 | |a Includes bibliographical references and indexes | ||
| 650 | 0 | 0 | |a Clifford algebras. |
| 650 | 0 | 0 | |a Fourier analysis. |
| 650 | 0 | 0 | |a Singular integrals. |
| 650 | 0 | 0 | |a Hardy spaces. |
| 830 | 0 | |a Lecture notes in mathematics (Springer-Verlag) |v ; 1575 | |
| 852 | |a INST |b SAMOS |e 19960703 |h 515.785 MIT |p 005300005327 |q 005300005327 |t BK |y 0 | ||
| 909 | |a Σ |b 039235 | ||